33 - 岡山県の自治体(Text) - Statistics

General Stats
  • This quiz has been taken 11 times
  • The average score is 20 of 27
Answers on the Map
Answers color-coded by a green-red scale on the quiz's map according to % correct below.
 
Answer Stats
市町村 % Correct
岡山おかやま
100%
加賀かがぐん 吉備中央きびちゅうおうちょう
100%
倉敷くらしき
100%
瀬戸内せとうち
100%
新見にいみ
100%
浅口あさくち
86%
井原いばら
86%
笠岡かさおか
86%
高梁たかはし
86%
英田あいだぐん 西粟倉にしあわくらそん
86%
真庭まにわ
86%
赤磐あかいわ
71%
勝田かつたぐん 勝央しょうおうちょう
71%
真庭まにわぐん 新庄しんじょうそん
71%
総社そうじゃ
71%
津山つやま
71%
美作みまさか
71%
久米くめぐん 久米南くめなんちょう
57%
浅口あさくちぐん 里庄さとしょうちょう
57%
玉野たまの
57%
都窪つくぼぐん 早島はやしまちょう
57%
備前びぜん
57%
小田おだぐん 矢掛やかげちょう
57%
和気わけぐん 和気わけちょう
57%
苫田とまたぐん 鏡野かがみのちょう
43%
勝田かつたぐん 奈義なぎちょう
43%
久米くめぐん 美咲みさきちょう
43%
No matching quizzes found
Score Distribution
Percent of People with Each Score
Percentile by Number Answered
Your Score History
You have not taken this quiz